| 000 | 00468nam a22001697a 4500 | ||
|---|---|---|---|
| 005 | 20240813132631.0 | ||
| 008 | 240808b |||||||| |||| 00| 0 eng d | ||
| 020 | _a978-93-92242-18-2 | ||
| 041 | _aEnglish | ||
| 082 | _aN 613.2 GAR DB1280 | ||
| 100 |
_aGarg Ram Kumar _9208258 |
||
| 245 | _aTextbook of Nutrition for GNM Nursing Students | ||
| 260 |
_aMohali, Punjab _bVision Health Sciences Publishers _c2022 |
||
| 300 | _a94p | ||
| 365 | _b325.00 | ||
| 942 | _cDB | ||
| 999 |
_c359314 _d359314 |
||